Normal view
MARC view
- MICHAEL H. GLUNTZ ANTONIO R. MAGALHAES (Editor)
Entry Personal Name
001 - CONTROL NUMBER
- control field: 37569
003 - CONTROL NUMBER IDENTIFIER
- control field: NUST
005 - DATE AND TIME OF LATEST TRANSACTION
- control field: 20210314130318.0
008 - FIXED-LENGTH DATA ELEMENTS
- fixed length control field: 210314|| aca||aabn | a|a d
040 ## - CATALOGING SOURCE
- Original cataloging agency: NUST
- Transcribing agency: NUST
100 ## - HEADING--PERSONAL NAME
- Personal name: MICHAEL H. GLUNTZ ANTONIO R. MAGALHAES (Editor)
670 ## - SOURCE DATA FOUND
- Source citation: Work cat.: (NUST): MICHAEL H. GLUNTZ ANTONIO R. MAGALHAES (Editor), SOCIOECONOMIC IMPACTS OF CLIMATE VARIATIONS & POLICY RESPONSES IN BRAZI, 1992.
